Η λογοτεχνία και οι προυποθέσεις της : τιμητικό αφιέρωμα στην Τζίνα Πολίτη

Αποθηκεύτηκε σε:
Λεπτομέρειες βιβλιογραφικής εγγραφής
Άλλοι συγγραφείς: Κροντήρη, Τίνα (Επιμελητής έκδοσης), Κίτση-Μυτάκου, Κατερίνα (Επιμελητής έκδοσης)
Μορφή: Βιβλίο
Γλώσσα:Greek
Δημοσίευση: Θεσσαλονίκη : University Studio Press, 1999
Θέματα:
Ετικέτες: Προσθήκη ετικέτας
Δεν υπάρχουν, Καταχωρήστε ετικέτα πρώτοι!

MARC

LEADER 00000nam a2200000 i 4500
001 1/19368
008 010424s1999 gre d
020 |a 960-12-0787-2 
035 |l 10066829 
040 |a GR-MY-UA  |b gre  |e aacr 
041 0 |a gre 
082 0 |a 809 
245 1 2 |a Η λογοτεχνία και οι προυποθέσεις της :  |b τιμητικό αφιέρωμα στην Τζίνα Πολίτη /  |c επιμέλεια Τίνα Κροντήρη, Κατερίνα Κίτση-Μυτάκου 
260 |a Θεσσαλονίκη :   |b University Studio Press,   |c 1999 
300 |a 286 σ. 
650 0 0 |a Literature  |x History and criticism. 
700 1 |a Κροντήρη, Τίνα.  |4 edt 
700 1 |a Κίτση-Μυτάκου, Κατερίνα.  |4 edt 
852 |a INST  |b RHODES  |e 20010424  |h 809 ΛΟΓ  |p 005400016966  |q 005400016966  |t BK  |y 0 
901 |a BIBL4-2001-1 
909 |a Ρ  |b 081120 
922 |a 4ΕΛΗ  |b 200010  |c ΚΕΝΤΡΙΚΗ ΥΠΗΡΕΣΙΑ ΒΙΒΛΙΟΘΗΚΗΣ  |d ΠΑΠΑΣΩΤΗΡΙΟΥ 
970 |a ΚΟΥΛΑΚΙΟΤΗ  |b ΛΙΤΣΑ  |z 2001/04/24